| 000 | 01094nam a2200313 i 4500 | ||
|---|---|---|---|
| 003 | EG-GICUC | ||
| 005 | 20260423112054.0 | ||
| 008 | 260423s1908 fr fr|||| 00| 0 fre d | ||
| 040 |
_aEG-GiCUC _cEG-GiCUC _dEG-GiCUC _erda _bfre |
||
| 041 | _afre | ||
| 082 | 0 | 4 |
_221 _a343.62 _bLA . C |
| 092 | 0 | 4 | _221 |
| 099 | _aLaw1 10 343.62 LA . C 1908 | ||
| 100 | 1 |
_a Laurent, Émile _eAuteur |
|
| 245 | 1 | 3 |
_a Le Criminel : _bAux Points De Vue Anthropologique, Psychologique Et Social / _cPar Le Dr Émile Laurent ; Préface De M. Le Professeur Lacassagne. |
| 264 | 1 |
_aParis : _b Vigot Frères, Éditeurs, _c 1908. |
|
| 300 |
_a246 pages; _c24 cm |
||
| 336 |
_2rda content _atext |
||
| 337 |
_2rda media _aComputer |
||
| 338 |
_2rda carrier _aOnline Resource |
||
| 504 | _aComprend des références bibliographiques et un index. | ||
| 546 | _aTexte en français | ||
| 650 | 1 |
_2qrmak _aDroit pénal |
|
| 651 | 1 | _2qrmak | |
| 700 | 1 |
_a Lacassagne, Alexandre . _ePréfacier |
|
| 856 | 4 | 0 | _uhttps://fll.law.cu.edu.eg/fulltext/bks/B10-10929.pdf |
| 905 | _a167 | ||
| 942 |
_2ddc _cBK _e21 _n0 |
||
| 999 |
_c72989 _d72989 |
||